British History Quiz #10 (WWI) - Statistics

General Stats
  • This quiz has been taken 168 times
  • The average score is 6 of 10
Answer Stats
Hint Answer % Correct
What was the name of the yellow gas that caused skin burns and blistering Mustard gas
98%
Name of the short lived truce towards the end of 1914 Christmas truce
82%
Name of the failed campaign by ANZAC forces against the ottoman empire Gallipoli
78%
Which British intelligence officer fought alongside Arab guerrilla forces in the middle east Thomas Lawrence
75%
What was the largest naval battle of WWI that took place off the coast of the peninsular it was named after Jutland
67%
Name of the person on the "Your Country Needs You" poster Lord Kitchener
54%
Who was the prime minister on the outbreak of war in 1914 Herbert Asquith
39%
What field marshal gained the nickname "Butcher of the Somme" Douglas Haig
30%
Which rifle family contained some of the most used rifles during the war such as the SMLE (Short Magazine _________) Lee Enfield
28%
Nickname of the first prototype tank Little Willie
10%
No matching quizzes found
Score Distribution
Percent of People with Each Score
Percentile by Number Answered
Your Score History
You have not taken this quiz